Language Quiz

Random Language or Spanish Quiz

Spanish Past Subjunctive Part One Quiz Stats

 Plays Quiz not verified by Sporcle

Support Sporcle.
Go Orange.
Score 0/20 Timer 04:00
0 Plays Today
Verb Past Subjunctive Form % Correct
Aparecer Apareciera
89.9%
EstarEstuviera
81.4%
IrFuera
81.2%
LlegarLlegara
79.3%
DarDiera
79%
CreerCreyera
78.1%
PedirPidiera
77.8%
Nacer Naciera
77.6%
HacerHiciera
77.3%
Conducir Condujera
75.7%
Verb Past Subjunctive Form % Correct
PonerPusiera
73.3%
Desaparecer Desapareciera
72.8%
Destruir Destruyera
70.1%
Romper Rompiera
69.4%
VenirViniera
65.3%
Conseguir Consiguiera
63.4%
Producir Produjera
56.9%
Traducir Tradujera
56.9%
Seguir Siguiera
54.7%
Reir Riera
43.9%

You're not logged in!

Compare scores with friends on all Sporcle quizzes.
OR
Log In

From the Vault

Superheroes by Keychain

by alinrotundu

It would be pretty embarrassing to lose the keys to the Batmobile.
Remove Ads.
Support Sporcle.
Get the best of Sporcle when you Go Orange. This ad-free experience offers more features, more stats, and more fun while also helping to support Sporcle. Thank you for becoming a member.

Show Comments

Extras

Top Quizzes Today


Score Distribution

Your Account Isn't Verified!

In order to create a playlist on Sporcle, you need to verify the email address you used during registration. Go to your Sporcle Settings to finish the process.

Report this User

Report this user for behavior that violates our Community Guidelines.

Details: